Stochastic models of uncertainties in computational mechanics /

Bibliographic Details
Main Author: Soize, Christian
Format: Book
Language:English
Published: Reston, Va. : American Society of Civil Engineers, [2012]
Series:Lecture notes in mechanics ; 2.
Subjects:

MARC

Tag First Indicator Second Indicator Subfields
LEADER 00000cam a2200000 a 4500
001 in00002784727
005 20151202172124.0
008 121015s2012 vau b 001 0 eng
010 |a  2012030105 
016 7 |a 016211346  |2 Uk 
020 |a 9780784412237 (pbk.) 
020 |a 0784412235 (pbk.) 
020 |a 9780784476864 (e-book) 
020 |a 0784476861 (e-book) 
035 |a (OCoLC)ocn794040100 
040 |a DLC  |b eng  |c DLC  |d YDX  |d BTCTA  |d OCLCO  |d YDXCP  |d UKMGB  |d TXA  |d UtOrBLW 
049 |a TXAM 
050 0 0 |a QA274.2  |b .S65 2012 
082 0 0 |a 003/.76  |2 23 
100 1 |a Soize, Christian. 
245 1 0 |a Stochastic models of uncertainties in computational mechanics /  |c Christian Soize. 
264 1 |a Reston, Va. :  |b American Society of Civil Engineers,  |c [2012] 
264 4 |c ©2012 
300 |a vii, 125 pages ;  |c 23 cm. 
336 |a text  |b txt  |2 rdacontent 
337 |a unmediated  |b n  |2 rdamedia 
338 |a volume  |b nc  |2 rdacarrier 
490 1 |a Lecture notes in mechanics ;  |v 2 
504 |a Includes bibliographical references and index. 
650 0 |a Stochastic models. 
650 0 |a Uncertainty (Information theory) 
650 0 |a Mechanics, Applied  |x Mathematical models. 
830 0 |a Lecture notes in mechanics ;  |v 2. 
948 |a cataloged  |b h  |c 2012/12/17  |d c  |e ceaton  |f 2:32:56 pm 
994 |a C0  |b TXA 
999 |a MARS 
999 f f |s 9436c577-0887-307c-a0e2-b5fc4fc141ec  |i 4e9725d0-2781-31dd-a0fe-50ca96b500d5  |t 0 
952 f f |p normal  |a Texas A&M University  |b College Station  |c Sterling C. Evans Library  |d Evans: Library Stacks  |t 0  |e QA274.2 .S65 2012  |h Library of Congress classification  |i unmediated -- volume  |m A14841623961 
998 f f |a QA274.2 .S65 2012  |t 0  |l Evans: Library Stacks